Statistics for History by Country 3

Click here to take the quiz!

General Stats

  • This quiz has been taken 74 times
  • The average score is 9 of 15

Answer Stats

HintAnswer% Correct
Siddartha Gautama begins to preach 'Enlightenment.'India
92%
The 1916 IRA uprising nearly unseats British imperial power.Ireland
88%
Simon Bolivar leads a revolution.Bolivia
85%
Hernan Cortes marches on Tenochtitlan.Mexico
83%
The temples at Angkor Wat are constructed..Cambodia
83%
The creation of the terracotta army.China
83%
Sir Edmond Hilary achieves his life's ambition with the help of Tenzing Norgay.Nepal
78%
The Battle of MidwayUSA
71%
The Gallipoli Campaign ends in failure for ANZAC troops.Turkey
66%
The Meiji RestorationJapan
59%
Wheat is first domesticatedIraq
44%
Lord Cardigan leads The Light Brigade to massacre at the battle of BalaclavaRussia
42%
Soviet troops withdraw from Afghanistan across The Friendship Bridge.Uzbekistan
27%
The Bantu expansion begins.Nigeria
22%
Lord Elfinstone's leadership results in the destruction of his entire command with barely a shot fired.Afghanistan
7%

Score Distribution

Percentile by Number Answered

Percent of People with Each Score

Your Score History

You have not taken this quiz